[Event "Antalya op"]
[Site "Antalya"]
[Date "2002.02.28"]
[Round "7"]
[White "Esedov, Elcin"]
[Black "Reyhan, Dogan Heval"]
[Result "1-0"]
[WhiteElo "2255"]
[BlackElo "2066"]
[PlyCount "67"]
[EventDate "2002.02.22"]
[EventType "swiss"]
[EventRounds "9"]
[EventCountry "TUR"]
[SourceTitle "CBM 086 Extra"]
[Source "ChessBase"]
[SourceDate "2002.03.14"]
[SourceVersion "1"]
[SourceVersionDate "2002.03.14"]
[SourceQuality "1"]

1. d4 Nf6 2. c4 e5 3. d5 Bc5 4. Nf3 d6 5. Nc3 c6 6. Bg5 Qb6 7. Qb3 Bxf2+ 8. Kd1 Qxb3+ 9. axb3 Nbd7 10. e3 Ng4 11. h3 Ngf6 12. g4 h5 13. gxh5 e4 14. Nd4 Rxh5 15. Bxf6 Nxf6 16. Ke2 Bh4 17. dxc6 bxc6 18. Nxc6 Rf5 19. Rh2 Nh5 20. Nxe4 Kd7 21. Nd4 Re5 22. Bg2 Bb7 23. Kd3 a5 24. Nc3 Bxg2 25. Rxg2 Rae8 26. Nd5 Bg5 27. Rxa5 Rxe3+ 28. Kc2 R8e5 29. Rxg5 Rxg5 30. Ra7+ Ke8 31. Nxe3 Nf4 32. Ndf5 Ng2 33. Nxg2 Rxg2+ 34. Kc3 1-0